000 00598nam a2200241 a 4500
001 nice12345678
003 IN_TiNIC
005 20260116011534.0
008 050524s1969 luca grp 000 0 eng
020 _a
_c5
082 0 0 _a340.59
_bKHA2
100 _aKhan, Shams Tabrez
245 _aMuslim Personal Law Awr Islam Ka Aaili Nizam
260 _aLucknow
_bMajlis Tahqiqat-E-Islam
_c1969
300 _a263p
500 _aincludes index and biblioraphy
505 2 _aIndex
650 _aIslamic-Law
700 1 _aKhan, Shams Tabrez
902 _bSRS
942 _cBK
999 _c2436
_d2436